000 nam a22 7a 4500
999 _c49418
_d49418
003 OSt
005 20191212093938.0
008 191212b xxu||||| |||| 00| 0 eng d
040 _cIIMT UNIVERSITY
100 _aENGLISH
245 _aHOLY BIBLE GOOD NEWS ED.
260 _aBANGALORE
_bBSI
_c2019
300 _a362
942 _2ddc
_c01